[Event "WC-2013-Q-00009"]
[Site "LSS email"]
[Date "2013.10.22"]
[Round "?"]
[White "Czekala, Franciszek"]
[Black "Kuhne, Detlev"]
[Result "0-1"]
[WhiteElo "2159"]
[BlackElo "2423"]
[PlyCount "60"]
[EventDate "2013.10.27"]
[EventType "tourn (corr)"]
[EventRounds "12"]
[EventCountry "GER"]
[SourceTitle "Corr 2022"]
[Source "ChessBase"]
[SourceDate "2021.10.24"]
[SourceVersion "1"]
[SourceVersionDate "2021.10.24"]
[SourceQuality "1"]

1. d4 d5 2. c4 c6 3. Nf3 Nf6 4. Nc3 a6 5. c5 Nbd7 6. Bf4 Nh5 7. Bc1 Nhf6 8. g3 e5 9. dxe5 Ng4 10. Qd4 Nxc5 11. h3 Nh6 12. Bxh6 gxh6 13. Bg2 Ne6 14. Qd3 Bg7 15. 0-0-0 Qa5 16. Kb1 0-0 17. Qc2 f6 18. exf6 Bxf6 19. Ka1 Ng5 20. Nxg5 hxg5 21. e4 d4 22. Qb3+ Kh8 23. Ne2 c5 24. f4 Qb5 25. Qc2 Be6 26. e5 Bg7 27. Rhe1 Qa5 28. b3 Rad8 29. Be4 b5 30. Qd2 Qxd2 0-1

[Event "WC-2013-Q-00009"]
[Site "LSS email"]
[Date "2013.10.22"]
[Round "?"]
[White "Mroczek, Jacek"]
[Black "Czekala, Franciszek"]
[Result "1-0"]
[WhiteElo "2217"]
[BlackElo "2159"]
[PlyCount "57"]
[EventDate "2013.10.27"]
[EventType "tourn (corr)"]
[EventRounds "12"]
[EventCountry "GER"]
[SourceTitle "Corr 2022"]
[Source "ChessBase"]
[SourceDate "2021.10.24"]
[SourceVersion "1"]
[SourceVersionDate "2021.10.24"]
[SourceQuality "1"]

1. d4 Nf6 2. c4 e6 3. Nc3 Bb4 4. e3 b6 5. Bd3 Bb7 6. Nf3 Ne4 7. 0-0 Nxc3 8. bxc3 Bxc3 9. Rb1 Na6 10. Rb3 Ba5 11. e4 d6 12. e5 Qe7 13. Qe2 Nb4 14. Bb1 d5 15. a3 Nc6 16. cxd5 exd5 17. Bf5 g6 18. Bh3 h6 19. Qc2 Rh7 20. g3 Kf8 21. Rd1 Qe8 22. e6 f5 23. Nh4 Ne7 24. g4 f4 25. Bxf4 Kg8 26. g5 h5 27. Rf3 Bc6 28. Rc1 Rc8 29. Qb2 1-0

[Event "WC-2013-Q-00009"]
[Site "LSS email"]
[Date "2013.10.22"]
[Round "?"]
[White "Mueller, Michael"]
[Black "Czekala, Franciszek"]
[Result "1-0"]
[WhiteElo "2256"]
[BlackElo "2159"]
[PlyCount "51"]
[EventDate "2013.10.27"]
[EventType "tourn (corr)"]
[EventRounds "12"]
[EventCountry "GER"]
[SourceTitle "Corr 2022"]
[Source "ChessBase"]
[SourceDate "2021.10.24"]
[SourceVersion "1"]
[SourceVersionDate "2021.10.24"]
[SourceQuality "1"]

1. e4 c5 2. Nf3 d6 3. d4 cxd4 4. Nxd4 Nf6 5. Nc3 a6 6. Bg5 e6 7. f4 Qb6 8. Qd2 Qxb2 9. Rb1 Qa3 10. e5 dxe5 11. fxe5 h6 12. Bh4 Nfd7 13. Ne4 Qxa2 14. Rd1 Qd5 15. Qe3 Qxe5 16. Be2 Bc5 17. Bg3 Bxd4 18. Rxd4 Qa5+ 19. Rd2 0-0 20. Bd6 Nc6 21. 0-0 Rd8 22. Qf4 Qf5 23. Qh4 Qa5 24. Rd3 Nf8 25. Bh5 f5 26. Rg3 1-0

[Event "WC-2017-P-00013"]
[Site "LSS email"]
[Date "2013.02.27"]
[Round "?"]
[White "Czekala, Franciszek"]
[Black "Leiva, Juan"]
[Result "1/2-1/2"]
[WhiteElo "1999"]
[BlackElo "1576"]
[PlyCount "54"]
[EventDate "2013.03.03"]
[EventType "tourn (corr)"]
[EventRounds "12"]
[EventCountry "GER"]
[SourceTitle "Telechess CBM 167"]
[Source "ChessBase"]
[SourceDate "2015.07.13"]
[SourceVersion "1"]
[SourceVersionDate "2015.07.13"]
[SourceQuality "1"]

1. d4 Nf6 2. c4 e6 3. Nf3 b6 4. g3 Bb7 5. Bg2 Be7 6. 0-0 0-0 7. Nc3 Ne4 8. Qc2 Nxc3 9. Qxc3 c5 10. Bf4 d6 11. Qd3 Na6 12. Ng5 Bxg5 13. Bxb7 Nb4 14. Bxg5 Qxg5 15. Qb3 Rab8 16. Bg2 Rfc8 17. Rad1 Nc6 18. d5 Nd4 19. Qd3 Rd8 20. e3 Nf5 21. dxe6 fxe6 22. Rd2 Rd7 23. Rfd1 Rbd8 24. a4 Qf6 25. a5 bxa5 26. Ra1 Rb8 27. Rxa5 Rxb2 1/2-1/2

[Event "WC-2017-P-00013"]
[Site "LSS email"]
[Date "2013.02.27"]
[Round "?"]
[White "Czekala, Franciszek"]
[Black "Luers, Charles J"]
[Result "1/2-1/2"]
[WhiteElo "1999"]
[BlackElo "1859"]
[PlyCount "55"]
[EventDate "2013.03.03"]
[EventType "tourn (corr)"]
[EventRounds "12"]
[EventCountry "GER"]
[SourceTitle "Telechess CBM 167"]
[Source "ChessBase"]
[SourceDate "2015.07.13"]
[SourceVersion "1"]
[SourceVersionDate "2015.07.13"]
[SourceQuality "1"]

1. d4 Nf6 2. c4 e6 3. Nf3 d5 4. g3 Bb4+ 5. Bd2 Be7 6. Bg2 0-0 7. 0-0 c6 8. Qc2 b6 9. Bf4 Nbd7 10. Rd1 Bb7 11. b3 c5 12. Nc3 Rc8 13. e4 cxd4 14. exd5 dxc3 15. d6 Be4 16. Qxc3 Nd5 17. dxe7 Nxc3 18. exd8Q Rfxd8 19. Re1 Nc5 20. Be5 Rd3 21. Re3 Rxe3 22. fxe3 Ne2+ 23. Kf1 Nd3 24. Kxe2 Bxf3+ 25. Kxd3 Bxg2 26. e4 f6 27. Bb2 e5 28. a4 1/2-1/2

[Event "WC-2017-P-00013"]
[Site "LSS email"]
[Date "2013.02.27"]
[Round "?"]
[White "Czekala, Franciszek"]
[Black "Silkin, Aleksey Vyacheslavo"]
[Result "1-0"]
[WhiteElo "1999"]
[BlackElo "2129"]
[PlyCount "109"]
[EventDate "2013.03.03"]
[EventType "tourn (corr)"]
[EventRounds "12"]
[EventCountry "GER"]
[SourceTitle "Telechess CBM 167"]
[Source "ChessBase"]
[SourceDate "2015.07.13"]
[SourceVersion "1"]
[SourceVersionDate "2015.07.13"]
[SourceQuality "1"]

1. d4 d5 2. c4 c6 3. Nf3 Nf6 4. Nc3 e6 5. Bg5 h6 6. Bxf6 Qxf6 7. e3 Nd7 8. Qc2 g6 9. Bd3 dxc4 10. Bxc4 Bg7 11. 0-0 0-0 12. Bb3 Qe7 13. Ne4 e5 14. Ng3 Kh8 15. Rac1 f5 16. Ne2 e4 17. Nd2 Kh7 18. a3 Nf6 19. h3 Bd7 20. Nf4 g5 21. Ne2 Rac8 22. Ba2 Nd5 23. Rfe1 Be6 24. b4 Rfd8 25. Qb1 h5 26. Bb3 Bf6 27. Rc5 Qd7 28. Rec1 Kg7 29. Qa2 h4 30. R5c2 Kg6 31. Nc3 Nc7 32. a4 b6 33. Bxe6 Nxe6 34. Nc4 Kh6 35. Qb3 Qe7 36. a5 b5 37. Ne5 Bxe5 38. Nxb5 cxb5 39. Rxc8 Bd6 40. Rxd8 Nxd8 41. Qd5 Qd7 42. Kf1 Kg6 43. Rc5 a6 44. Rc1 Kh5 45. Rc2 g4 46. hxg4+ Kxg4 47. f3+ exf3 48. gxf3+ Kg5 49. e4 Qe6 50. Qxe6 Nxe6 51. Rc6 Bxb4 52. Rxe6 Bxa5 53. e5 h3 54. Rxa6 Bc3 55. e6 1-0

[Event "WC-2017-P-00013"]
[Site "LSS email"]
[Date "2013.02.27"]
[Round "?"]
[White "Zacharov, Oleg"]
[Black "Czekala, Franciszek"]
[Result "1/2-1/2"]
[WhiteElo "2120"]
[BlackElo "1999"]
[PlyCount "102"]
[EventDate "2013.03.03"]
[EventType "tourn (corr)"]
[EventRounds "12"]
[EventCountry "GER"]
[SourceTitle "Telechess CBM 167"]
[Source "ChessBase"]
[SourceDate "2015.07.13"]
[SourceVersion "1"]
[SourceVersionDate "2015.07.13"]
[SourceQuality "1"]

1. e4 e5 2. Nf3 Nc6 3. Bb5 a6 4. Ba4 Nf6 5. 0-0 Be7 6. Re1 b5 7. Bb3 d6 8. c3 0-0 9. h3 Nb8 10. d4 Nbd7 11. Nbd2 c5 12. Bc2 cxd4 13. cxd4 Bb7 14. b4 exd4 15. Nxd4 Re8 16. Bb2 Ne5 17. f4 Ng6 18. Nf5 Rc8 19. Bb3 Bf8 20. Qf3 a5 21. bxa5 d5 22. e5 Nd7 23. Nf1 Nc5 24. a6 Ba8 25. Bd4 Ne6 26. Bf2 Nexf4 27. Bd4 Ne6 28. Bf2 Nef4 29. Bd4 Bb4 30. Nd6 Bxd6 31. exd6 Qxd6 32. Ne3 Qxa6 33. Nf5 Ne6 34. Qf2 f6 35. Rad1 Nxd4 36. Qxd4 Rxe1+ 37. Rxe1 Kh8 38. Bxd5 Ne5 39. Rd1 Bxd5 40. Qxd5 h6 41. Qb3 Kh7 42. Kh1 Ra8 43. Rd2 Ra7 44. Qc2 g6 45. Nd6 b4 46. Qc1 h5 47. Qe1 Re7 48. Ne4 Kg7 49. Qf2 Rd7 50. Rxd7+ Nxd7 51. Qd4 Qf1+ 1/2-1/2

[Event "CP-2011-Q-00007"]
[Site "LSS email"]
[Date "2013.01.14"]
[Round "?"]
[White "Czekala, Franciszek"]
[Black "Sukhanitskij, Stanislav"]
[Result "1/2-1/2"]
[WhiteElo "1999"]
[BlackElo "2018"]
[PlyCount "62"]
[EventDate "2013.01.20"]
[EventType "tourn (corr)"]
[EventRounds "6"]
[EventCountry "GER"]
[SourceTitle "Telechess CBM 167"]
[Source "ChessBase"]
[SourceDate "2015.07.13"]
[SourceVersion "1"]
[SourceVersionDate "2015.07.13"]
[SourceQuality "1"]

1. d4 d5 2. c4 dxc4 3. Nf3 Nf6 4. e3 e6 5. Bxc4 c5 6. 0-0 a6 7. b3 cxd4 8. Nxd4 Bd7 9. Bb2 Nc6 10. Nf3 Rc8 11. Nbd2 Be7 12. Rc1 0-0 13. Qe2 Qa5 14. Bd3 Rfd8 15. a3 Be8 16. Rfd1 b5 17. Rc2 Qb6 18. Rdc1 Qb7 19. b4 Qd7 20. Ne1 Nd5 21. Nb3 Bf6 22. Nc5 Qa7 23. Bxf6 Nxf6 24. Nf3 h6 25. h3 Qa8 26. Qf1 Ne7 27. Rd2 Ned5 28. Nd4 Nd7 29. Rdc2 Nxc5 30. Rxc5 Nb6 31. Be2 Na4 1/2-1/2

[Event "WC-2015-Q-00001"]
[Site "LSS email"]
[Date "2012.09.11"]
[Round "?"]
[White "Czekala, Franciszek"]
[Black "Rosso, Pier Andrea"]
[Result "0-1"]
[WhiteElo "1992"]
[BlackElo "2323"]
[PlyCount "82"]
[EventDate "2012.09.17"]
[EventType "tourn (corr)"]
[EventRounds "10"]
[EventCountry "GER"]
[SourceTitle "Telechess CBM 163"]
[Source "ChessBase"]
[SourceDate "2014.11.11"]
[SourceVersion "2"]
[SourceVersionDate "2014.11.11"]
[SourceQuality "1"]

1. e4 c5 2. Nf3 d6 3. d4 cxd4 4. Nxd4 Nf6 5. Nc3 a6 6. Bg5 e6 7. Qf3 h6 8. Bd2 Qb6 9. Nb3 Nbd7 10. Qg3 Qc7 11. a4 h5 12. Bg5 Be7 13. Be2 b6 14. 0-0-0 Bb7 15. f3 0-0 16. Bh6 Ne8 17. Be3 Bc6 18. h4 Bf6 19. Bd4 Bxd4 20. Rxd4 Nc5 21. Rhd1 e5 22. Rb4 Nf6 23. Qe1 Rfd8 24. Nxc5 dxc5 25. Rxd8+ Qxd8 26. Rb3 b5 27. Nd1 c4 28. Ra3 Rc8 29. g3 Nd7 30. Ne3 Nc5 31. axb5 axb5 32. Qc3 Ne6 33. Bd1 Nd4 34. Qb4 Bb7 35. Qe1 Qf6 36. Kb1 Rd8 37. Ra7 Rd7 38. Nd5 Qd6 39. Ne3 Kh7 40. Kc1 b4 41. Ra4 Qc5 0-1

[Event "WC-2015-Q-00001"]
[Site "LSS email"]
[Date "2012.09.11"]
[Round "?"]
[White "Czekala, Franciszek"]
[Black "Zidu, Jan"]
[Result "1/2-1/2"]
[WhiteElo "1992"]
[BlackElo "2409"]
[PlyCount "66"]
[EventDate "2012.09.17"]
[EventType "tourn (corr)"]
[EventRounds "10"]
[EventCountry "GER"]
[SourceTitle "Telechess CBM 163"]
[Source "ChessBase"]
[SourceDate "2014.11.11"]
[SourceVersion "2"]
[SourceVersionDate "2014.11.11"]
[SourceQuality "1"]

1. e4 c5 2. Nc3 Nc6 3. Nf3 e5 4. Bc4 d6 5. d3 Be7 6. 0-0 Nf6 7. Nd5 0-0 8. c3 Rb8 9. Bb3 b5 10. Re1 Nxd5 11. exd5 Na5 12. Bc2 Bf6 13. Nd2 Qc7 14. b4 Nb7 15. d4 exd4 16. Ne4 Bd8 17. Bf4 f5 18. Nxc5 Nxc5 19. bxc5 Qxc5 20. cxd4 Qb6 21. Rc1 Bd7 22. Bb3 Kh8 23. Rc6 Bxc6 24. Bxd6 Bxd5 25. Bxf8 Bf6 26. Bc5 Qb7 27. Bxd5 Qxd5 28. Bxa7 Ra8 29. Bc5 Qxa2 30. Qf3 b4 31. Bxb4 Bxd4 32. Qxf5 Qb2 33. Be7 h6 1/2-1/2

[Event "WC-2015-Q-00001"]
[Site "LSS email"]
[Date "2012.09.11"]
[Round "?"]
[White "Zidu, Jan"]
[Black "Czekala, Franciszek"]
[Result "1-0"]
[WhiteElo "2409"]
[BlackElo "1992"]
[PlyCount "135"]
[EventDate "2012.09.17"]
[EventType "tourn (corr)"]
[EventRounds "10"]
[EventCountry "GER"]
[SourceTitle "Telechess CBM 163"]
[Source "ChessBase"]
[SourceDate "2014.11.11"]
[SourceVersion "2"]
[SourceVersionDate "2014.11.11"]
[SourceQuality "1"]

1. e4 e5 2. Nf3 Nc6 3. Bb5 a6 4. Ba4 Nf6 5. 0-0 Be7 6. Re1 b5 7. Bb3 d6 8. c3 0-0 9. h3 Na5 10. Bc2 c5 11. d4 Nd7 12. Nbd2 exd4 13. cxd4 Nc6 14. d5 Nce5 15. a4 Bb7 16. Nxe5 Nxe5 17. f4 Ng6 18. Nf3 Bf6 19. e5 Be7 20. Be4 f5 21. exf6 Bxf6 22. Qc2 Qc7 23. f5 Ne5 24. Ng5 Bxg5 25. Bxg5 Qf7 26. f6 gxf6 27. Bh6 Rfe8 28. Rf1 Kh8 29. Rad1 Re7 30. Bg5 Nd7 31. Bh4 Rg8 32. Rf5 Re5 33. axb5 axb5 34. Rxe5 Nxe5 35. Rf1 Nd7 36. Qd2 Rf8 37. Rf3 Qh5 38. Bg3 Ne5 39. Rf5 Qf7 40. Bh4 Nd7 41. Bf3 Qe7 42. Qh6 Rf7 43. Bg4 Kg8 44. Qf4 b4 45. Rh5 Nf8 46. Bg3 Ba6 47. Qxd6 Be2 48. Qf4 Bxg4 49. Qxg4+ Rg7 50. Qf3 Nd7 51. d6 Qe6 52. Rd5 h6 53. b3 Ne5 54. Bxe5 fxe5 55. Rxc5 Qxd6 56. Rc8+ Kh7 57. Qa8 Rf7 58. Rh8+ Kg6 59. Qg8+ Rg7 60. Qc8 Qd4+ 61. Kh1 Rf7 62. Qg8+ Kf6 63. Rxh6+ Ke7 64. Qg5+ Kd7 65. Qc1 Qc3 66. Qd1+ Qd4 67. Qe2 Qc5 68. Rh4 1-0

[Event "WC-2016-P-00004"]
[Site "LSS email"]
[Date "2012.02.12"]
[Round "?"]
[White "Czekala, Franciszek"]
[Black "Feng, Jason"]
[Result "1-0"]
[WhiteElo "1980"]
[BlackElo "863"]
[PlyCount "47"]
[EventDate "2012.02.15"]
[EventType "tourn (corr)"]
[EventRounds "12"]
[EventCountry "GER"]
[SourceTitle "Telechess CBM 159"]
[Source "ChessBase"]
[SourceDate "2014.03.17"]
[SourceVersion "1"]
[SourceVersionDate "2014.03.17"]
[SourceQuality "1"]

1. d4 Nf6 2. c4 e6 3. Nf3 Bb4+ 4. Nbd2 Ne4 5. a3 Nxd2 6. Nxd2 Be7 7. e3 0-0 8. Bd3 d5 9. 0-0 c6 10. Nf3 Nd7 11. Qc2 g6 12. e4 dxc4 13. Bxc4 Nb6 14. Bh6 Re8 15. Ba2 Bf8 16. Be3 Bg7 17. Rac1 Bd7 18. Rfd1 Kh8 19. Ne5 Bxe5 20. dxe5 Qc7 21. Rd6 Rad8 22. Bg5 Rb8 23. Bf6+ Kg8 24. Qd2 1-0

[Event "WC-2016-P-00004"]
[Site "LSS email"]
[Date "2012.02.12"]
[Round "?"]
[White "Czekala, Franciszek"]
[Black "Kolanek, Roman"]
[Result "1/2-1/2"]
[WhiteElo "1980"]
[BlackElo "2042"]
[PlyCount "48"]
[EventDate "2012.02.15"]
[EventType "tourn (corr)"]
[EventRounds "12"]
[EventCountry "GER"]
[SourceTitle "Telechess CBM 159"]
[Source "ChessBase"]
[SourceDate "2014.03.17"]
[SourceVersion "1"]
[SourceVersionDate "2014.03.17"]
[SourceQuality "1"]

1. d4 Nf6 2. c4 e6 3. Nf3 d5 4. Nc3 Be7 5. Bg5 h6 6. Bxf6 Bxf6 7. e3 0-0 8. Rc1 a6 9. Qc2 c6 10. Bd3 Nd7 11. 0-0 b5 12. cxd5 cxd5 13. a4 bxa4 14. Nxa4 Rb8 15. Rfd1 Qe7 16. Be2 Rd8 17. Ra1 Qb4 18. Ne1 e5 19. Nd3 Qb7 20. dxe5 Nxe5 21. Nf4 g5 22. Nh5 Bh8 23. Rd2 Nc6 24. Ng3 Nb4 1/2-1/2

[Event "WC-2016-P-00004"]
[Site "LSS email"]
[Date "2012.02.12"]
[Round "?"]
[White "Feng, Jason"]
[Black "Czekala, Franciszek"]
[Result "0-1"]
[WhiteElo "863"]
[BlackElo "1980"]
[PlyCount "42"]
[EventDate "2012.02.15"]
[EventType "tourn (corr)"]
[EventRounds "12"]
[EventCountry "GER"]
[SourceTitle "Telechess CBM 159"]
[Source "ChessBase"]
[SourceDate "2014.03.17"]
[SourceVersion "1"]
[SourceVersionDate "2014.03.17"]
[SourceQuality "1"]

1. e4 e6 2. Nf3 d5 3. Nc3 Nf6 4. e5 Nfd7 5. d4 c5 6. Bf4 Nc6 7. dxc5 a6 8. Bd3 Nxc5 9. 0-0 Be7 10. Qe2 g5 11. Bg3 h5 12. h3 Qb6 13. Rab1 Nxd3 14. cxd3 Bd7 15. Nd2 Nd4 16. Qe3 Bd8 17. Nf3 Nf5 18. Qxb6 Bxb6 19. Bh2 g4 20. hxg4 hxg4 21. Nd2 g3 0-1

[Event "WC-2016-P-00004"]
[Site "LSS email"]
[Date "2012.02.12"]
[Round "?"]
[White "Kolanek, Roman"]
[Black "Czekala, Franciszek"]
[Result "1/2-1/2"]
[WhiteElo "2042"]
[BlackElo "1980"]
[PlyCount "55"]
[EventDate "2012.02.15"]
[EventType "tourn (corr)"]
[EventRounds "12"]
[EventCountry "GER"]
[SourceTitle "Telechess CBM 159"]
[Source "ChessBase"]
[SourceDate "2014.03.17"]
[SourceVersion "1"]
[SourceVersionDate "2014.03.17"]
[SourceQuality "1"]

1. d4 Nf6 2. c4 e6 3. Nf3 d5 4. e3 Bd6 5. Be2 0-0 6. 0-0 b6 7. Nc3 c5 8. b3 Bb7 9. Bb2 Nbd7 10. dxc5 bxc5 11. Qc2 a6 12. Rfd1 Re8 13. Rd2 Nb6 14. a4 Qc7 15. a5 Nc8 16. cxd5 exd5 17. Rdd1 Ne7 18. Na4 Ne4 19. Nb6 Rad8 20. g3 Qc6 21. Rac1 Bb8 22. Bd3 d4 23. Bxe4 Qxe4 24. Qxe4 Bxe4 25. Nd2 Bg6 26. e4 f5 27. exf5 Nxf5 28. Rxc5 1/2-1/2

[Event "WC-2016-P-00004"]
[Site "LSS email"]
[Date "2012.02.12"]
[Round "?"]
[White "Woelfelschneider, Peter"]
[Black "Czekala, Franciszek"]
[Result "1/2-1/2"]
[WhiteElo "2191"]
[BlackElo "1980"]
[PlyCount "29"]
[EventDate "2012.02.15"]
[EventType "tourn (corr)"]
[EventRounds "12"]
[EventCountry "GER"]
[SourceTitle "Corr 2015"]
[Source "ChessBase"]
[SourceDate "2015.07.17"]
[SourceVersion "1"]
[SourceVersionDate "2015.07.17"]
[SourceQuality "1"]

1. d4 Nf6 2. c4 e6 3. Nc3 Bb4 4. Nf3 0-0 5. Qc2 c5 6. a3 Bxc3+ 7. bxc3 d6 8. Bg5 Nc6 9. e3 cxd4 10. Bd3 dxe3 11. Bxh7+ Kh8 12. Bd3 Qc7 13. Qe2 exf2+ 14. Qxf2 Nh7 15. Bxh7 1/2-1/2

[Event "CP-2010-Q-00014"]
[Site "LSS email"]
[Date "2012.01.15"]
[Round "?"]
[White "Czekala, Franciszek"]
[Black "Isaacson, David"]
[Result "1-0"]
[WhiteElo "1980"]
[BlackElo "2013"]
[PlyCount "95"]
[EventDate "2012.01.20"]
[EventType "tourn (corr)"]
[EventRounds "6"]
[EventCountry "GER"]
[SourceTitle "Telechess CBM 159"]
[Source "ChessBase"]
[SourceDate "2014.03.17"]
[SourceVersion "1"]
[SourceVersionDate "2014.03.17"]
[SourceQuality "1"]

1. e4 c5 2. Nc3 a6 3. Nf3 d6 4. d4 cxd4 5. Nxd4 Nf6 6. Bg5 e6 7. Qf3 h6 8. Bd2 Qc7 9. Qg3 Nc6 10. Nxc6 bxc6 11. Be2 Rb8 12. 0-0-0 e5 13. f4 h5 14. h3 h4 15. Qe1 Be7 16. Kb1 a5 17. fxe5 dxe5 18. Bc4 Nh5 19. Rf1 0-0 20. Bb3 Bf6 21. Na4 Rd8 22. Bxa5 Rxd1+ 23. Qxd1 Qxa5 24. Qxh5 Be6 25. Qf3 Bxb3 26. cxb3 Qb4 27. Rc1 Bg5 28. a3 Qb7 29. Nc5 Qe7 30. Rc2 Rd8 31. b4 Rd6 32. Nb3 Qe8 33. Na5 g6 34. Qc3 f5 35. Qc4+ Kh7 36. Nxc6 fxe4 37. Qxe4 Qf7 38. Qc4 Qf5 39. b5 Rd7 40. b6 Kh6 41. Qb3 Rd3 42. Qg8 Bf6 43. Qf8+ Kg5 44. Qc5 Rd7 45. a4 Kh6 46. a5 Rb7 47. Qf2 e4 48. a6 1-0

[Event "CP-2010-Q-00014"]
[Site "LSS email"]
[Date "2012.01.15"]
[Round "?"]
[White "Granara Barreto, Sebastian A"]
[Black "Czekala, Franciszek"]
[Result "0-1"]
[WhiteElo "1950"]
[BlackElo "1980"]
[PlyCount "82"]
[EventDate "2012.01.20"]
[EventType "tourn (corr)"]
[EventRounds "6"]
[EventCountry "GER"]
[SourceTitle "Telechess CBM 159"]
[Source "ChessBase"]
[SourceDate "2014.03.17"]
[SourceVersion "1"]
[SourceVersionDate "2014.03.17"]
[SourceQuality "1"]

1. c4 e5 2. g3 Bc5 3. Bg2 Nf6 4. Nc3 Nc6 5. e3 0-0 6. Nge2 d6 7. 0-0 Bb6 8. d4 Re8 9. h3 h6 10. a3 exd4 11. exd4 Ne7 12. b4 c6 13. Bb2 d5 14. c5 Bc7 15. Bc1 Bf5 16. Bf4 Ng6 17. Bxc7 Qxc7 18. Qd2 h5 19. Rfe1 Re7 20. b5 Rae8 21. a4 a6 22. h4 Qd7 23. bxa6 bxa6 24. a5 Bh3 25. Rab1 Qf5 26. Qg5 Qc8 27. Rb2 Qd7 28. Reb1 Bg4 29. Bf1 Ne4 30. Qc1 Qf5 31. Nxe4 Rxe4 32. Nc3 Rxd4 33. Qg5 Qe6 34. Rb8 Rxb8 35. Rxb8+ Kh7 36. Rb2 Ne5 37. Qe3 Nf3+ 38. Kh1 Qf6 39. Bxa6 Bf5 40. Kg2 Nxh4+ 41. Kh2 Rg4 0-1

[Event "SC-2011-0-00119"]
[Site "LSS email"]
[Date "2011.09.17"]
[Round "?"]
[White "Czekala, Franciszek"]
[Black "Bujdak, Pavol"]
[Result "1-0"]
[WhiteElo "1853"]
[BlackElo "1679"]
[PlyCount "87"]
[EventDate "2011.08.23"]
[EventType "tourn (corr)"]
[EventRounds "6"]
[EventCountry "GER"]
[SourceTitle "Telechess CBM 157"]
[Source "ChessBase"]
[SourceDate "2013.11.12"]
[SourceVersion "1"]
[SourceVersionDate "2013.11.12"]
[SourceQuality "1"]

1. c4 g6 2. d4 Nf6 3. Nc3 d5 4. Bg5 Ne4 5. Bf4 Nxc3 6. bxc3 Bg7 7. e3 0-0 8. Nf3 c5 9. cxd5 Qxd5 10. Be2 cxd4 11. cxd4 Nc6 12. 0-0 Bf5 13. Qa4 a6 14. Rac1 Qd7 15. Qb3 Rac8 16. Qb2 e6 17. Bg3 b5 18. a4 Na7 19. Ne5 Bxe5 20. Bxe5 bxa4 21. Rxc8 Nxc8 22. f3 f6 23. Bg3 g5 24. Rc1 Bg6 25. Rc7 Qd8 26. Qb4 a5 27. Qc5 a3 28. Qxa3 Rf7 29. Rc6 Ne7 30. Rxe6 Kg7 31. Ra6 Nd5 32. Kf2 Re7 33. Rd6 Rd7 34. Rxd7+ Qxd7 35. Qxa5 Ne7 36. Qc7 Qxc7 37. Bxc7 Nd5 38. Ba5 f5 39. Bc4 Nf6 40. Be6 h6 41. Ke2 Kf8 42. Kd3 Ke8 43. d5 Ke7 44. Kd4 1-0